| 000 | 00695nam a2200241Ia 4500 | ||
|---|---|---|---|
| 003 | OSt | ||
| 005 | 20221005092726.0 | ||
| 006 | a|||||r|||| 00| 0 | ||
| 007 | ta | ||
| 008 | 221004b |||||||| |||| 00| 0 eng d | ||
| 024 | _a33811 | ||
| 037 | _cTextual | ||
| 040 |
_aCRL _cCRL _beng |
||
| 041 |
_2eng _aeng |
||
| 082 | _aDelta, M4 | ||
| 100 |
_aHopkis Jeffrey Tr. & Editor _9617687 |
||
| 245 | 0 |
_aKindness, clarity and insight _b The fourteenth dalailama, his holiness Tenzin Gyatso |
|
| 260 |
_aNew York _bSnow Lion _c1984 |
||
| 300 |
_a232p _ccm. |
||
| 650 | _aSPIRITUALISM | ||
| 942 |
_hDelta, M4 _cTEXL _2cc |
||
| 999 |
_c999292 _d999292 |
||